Poesías selectas

Uloženo v:
Podrobná bibliografie
Hlavní autor: González Prada, Manuel
Médium: Kniha
Jazyk:Undetermined
Vydáno: París, Francia Casa editorial franco - Iberoamericana [s.f.]
Témata:
Tagy: Přidat tag
Žádné tagy, Buďte první, kdo vytvoří štítek k tomuto záznamu!

MARC

LEADER 00000nam a2200000Ia 4500
008 170316s9999 xx 000 0 und d
040 |a cru BVZT 
090 |a 860 G-24p 
100 |a González Prada, Manuel 
245 |a Poesías selectas 
260 |a París, Francia 
260 |b Casa editorial franco - Iberoamericana 
260 |c [s.f.] 
300 |a 165 páginas 
650 |a LITERATURA LATINOAMERICANA 
999 |c 8733  |d 8733 
942 |c 15 D  |h 860 G-24p  |2 z